The Paleo diet cookbook : more than 150 recipes for Paleo breakfasts, lunches, dinners, snacks, and beverages /

At last! The cookbook based on the bestselling The Paleo Diet. Dr. Loren Cordain's The Paleo Diet has helped thousands of people lose weight, keep it off and learn how to eat for good health by following the diet of our Paleolithic ancestors and eating the foods we were genetically designed to...

Full description

Bibliographic Details
Main Author: Cordain, Loren, 1950-
Other Authors: Stephenson, Nell, Cordain, Lorrie
Format: Book
Language:English
Published: Hoboken, N.J. : John Wiley & Sons, [2011]
Subjects:

MARC

Tag First Indicator Second Indicator Subfields
LEADER 00000cam a22000004a 4500
001 in00002784030
005 20151202172127.0
008 101019s2011 nju b 001 0 eng
010 |a  2010044309 
020 |a 9780470913048 (pbk. : alk. paper) 
020 |a 0470913045 (pbk. : alk. paper) 
035 |a (OCoLC)ocn671541174 
040 |a DLC  |c DLC  |d TXA  |d UtOrBLW 
042 |a pcc 
049 |a TXAM 
050 0 0 |a RM222.2  |b .C643 2011 
082 0 0 |a 641.5/63  |2 22 
100 1 |a Cordain, Loren,  |d 1950- 
245 1 4 |a The Paleo diet cookbook :  |b more than 150 recipes for Paleo breakfasts, lunches, dinners, snacks, and beverages /  |c Loren Cordain ; with Nell Stephenson and Lorie Cordain. 
264 1 |a Hoboken, N.J. :  |b John Wiley & Sons,  |c [2011] 
264 4 |c ©2011 
300 |a ix, 246 pages ;  |c 24 cm. 
336 |a text  |b txt  |2 rdacontent 
337 |a unmediated  |b n  |2 rdamedia 
338 |a volume  |b nc  |2 rdacarrier 
504 |a Includes bibliographical references (pages 237-238) and index. 
505 0 |a The Paleo Diet basics -- Paleo kitchen guidelines -- Paleo breakfasts -- Paleo snacks and appetizers -- Paleo poultry -- Paleo beef, pork, and lamb -- Paleo bison, game meat, and jerky -- Paleo fish and seafood -- Paleo salads -- Paleo vegetable dishes -- Condiments, salad dressings, sauces, and fruit purees -- Paleo beverages and desserts -- The Paleo diet two-week meal plan -- Treats and meals for CrossFitters and aththetes. 
520 |a At last! The cookbook based on the bestselling The Paleo Diet. Dr. Loren Cordain's The Paleo Diet has helped thousands of people lose weight, keep it off and learn how to eat for good health by following the diet of our Paleolithic ancestors and eating the foods we were genetically designed to eat. Now this revolutionary cookbook gives you more than 150 satisfying recipes packed with great flavors, variety and nutrition to help you enjoy the benefits of eating the Paleo way every day. Based on the breakthrough diet book that has sold more than 100,000 copies to date. Includes 150 simple, all-new recipes for delicious and Paleo-friendly breakfasts, brunches, lunches, dinners, snacks and beverages. Contains two weeks of meal plans and shopping and pantry tips. Features 16 pages of Paleo color photographs. Helps you lose weight and boost your health and energy by focusing on lean protein and non-starchy vegetables and fruits. From bestselling author Dr. Loren Cordain, the world's leading expert on Paleolithic eating styles. Put The Paleo Diet into action with The Paleo Diet Cookbook and eat your way to weight loss, weight control maintenance, increased energy and lifelong health-while enjoying delicious meals you and your family will love. 
650 0 |a Reducing diets. 
650 0 |a High-protein diet  |v Recipes. 
650 0 |a Prehistoric peoples  |x Nutrition. 
700 1 |a Stephenson, Nell. 
700 1 |a Cordain, Lorrie. 
948 |a cataloged  |b h  |c 2012/12/19  |d c  |e dmitchel  |f 2:50:40 pm 
994 |a C0  |b TXA 
999 |a MARS 
999 f f |s 78f517b9-f5b4-31a4-88b0-68f810215399  |i bb5658ce-cfca-3bb7-86fa-968d43a56048  |t 0 
952 f f |p normal  |a Texas A&M University  |b College Station  |c Sterling C. Evans Library  |d Evans: Library Stacks  |t 0  |e RM222.2 .C643 2011  |h Library of Congress classification  |i unmediated -- volume  |m A14838074632 
998 f f |a RM222.2 .C643 2011  |t 0  |l Evans: Library Stacks